000 00737nam a22002417a 4500
003 PE SENCICO BE
005 20251020182623.0
008 230104b |||||||| |||| 00| 0 eng d
020 _a978-987-9370-3-6
040 _aPE SENCICO BE
_cPE SENCICO BE
041 _aspa
082 _a720
_bL33
_22011
100 1 _9386
_aLe Corbusier
245 1 _aMensaje a los estudiantes de arquitectura /
_cLe Corbusier
250 _a10a ed.
260 _aBuenos Aires:
_bInfinito,
_c2011
300 _a72, [6] p. :
_bil.,
_c20 cm.
440 1 _9387
_aBiblioteca de arquitectura
650 1 4 _949
_aArquitectura
650 2 4 _949
_aArquitectura
_xHistoria y crítica
910 _bhfp
_chfp
942 _2ddc
_cLIB
_h720
_iL33
999 _c3740
_d3740